<?xml version="1.0" encoding="UTF-8"?>
<collection xmlns="http://www.loc.gov/MARC21/slim">
 <record>
  <leader>01270nam a22002411  4500</leader>
  <controlfield tag="001">1/46138</controlfield>
  <controlfield tag="008">160217s1959    gr            000 0 gre d</controlfield>
  <datafield tag="035" ind1=" " ind2=" ">
   <subfield code="l">49112</subfield>
  </datafield>
  <datafield tag="040" ind1=" " ind2=" ">
   <subfield code="a">GR-PeUP</subfield>
  </datafield>
  <datafield tag="090" ind1=" " ind2=" ">
   <subfield code="a">338.9 ΚΑΝ</subfield>
  </datafield>
  <datafield tag="100" ind1="1" ind2=" ">
   <subfield code="a">Κανελλόπουλος, Αθανάσιος Π.,</subfield>
   <subfield code="d">1923-1994.</subfield>
  </datafield>
  <datafield tag="245" ind1="1" ind2="0">
   <subfield code="a">Οικονομικά και κοινωνικά προβλήματα της αναπτύξεως :</subfield>
   <subfield code="b">ανάλυσις και πολιτική ιδία εν Ελλάδι /</subfield>
   <subfield code="c">κατά τας παραδόσεις του κ. Α. Π. Κανελλόπουλου, Ανωτάτη Σχολή ΒΙομηχανικών Σπουδών.</subfield>
  </datafield>
  <datafield tag="260" ind1=" " ind2=" ">
   <subfield code="a">Αθήναι :</subfield>
   <subfield code="b">[χ.ο.],</subfield>
   <subfield code="c">1959.</subfield>
  </datafield>
  <datafield tag="300" ind1=" " ind2=" ">
   <subfield code="a">126 σ. ;</subfield>
   <subfield code="c">24 εκ.</subfield>
  </datafield>
  <datafield tag="650" ind1=" " ind2="4">
   <subfield code="a">Οικονομική πολιτική.</subfield>
  </datafield>
  <datafield tag="650" ind1=" " ind2="4">
   <subfield code="a">Οικονομική ανάπτυξη.</subfield>
  </datafield>
  <datafield tag="650" ind1=" " ind2="4">
   <subfield code="a">Κοινωνική πολιτική.</subfield>
  </datafield>
  <datafield tag="650" ind1=" " ind2="4">
   <subfield code="a">Economic policy.</subfield>
  </datafield>
  <datafield tag="650" ind1=" " ind2="4">
   <subfield code="a">Economic development.</subfield>
  </datafield>
  <datafield tag="650" ind1=" " ind2="4">
   <subfield code="a">Social policy.</subfield>
  </datafield>
  <datafield tag="710" ind1="2" ind2=" ">
   <subfield code="a">Ανωτάτη Βιομηχανική Σχολή Πειραιώς.</subfield>
  </datafield>
  <datafield tag="852" ind1=" " ind2=" ">
   <subfield code="a">INST</subfield>
   <subfield code="b">UNIPILB</subfield>
   <subfield code="c">MAIN</subfield>
   <subfield code="e">20160223</subfield>
   <subfield code="h">338.9 ΚΑΝ</subfield>
   <subfield code="p">00173770</subfield>
   <subfield code="q">00173770</subfield>
   <subfield code="t">CLOCOL</subfield>
   <subfield code="y">23</subfield>
   <subfield code="4">1</subfield>
  </datafield>
  <datafield tag="852" ind1=" " ind2=" ">
   <subfield code="a">INST</subfield>
   <subfield code="b">UNIPILB</subfield>
   <subfield code="c">MAIN</subfield>
   <subfield code="e">20170310</subfield>
   <subfield code="h">338.9 ΚΑΝ</subfield>
   <subfield code="p">00173940</subfield>
   <subfield code="q">00173940</subfield>
   <subfield code="t">CLOCOL</subfield>
   <subfield code="y">23</subfield>
   <subfield code="4">2</subfield>
  </datafield>
 </record>
</collection>
